100 Clics - Villes de Norvège, Suède, Finlande ou Danemark ? - Statistiques

Statistiques générales
  • Ce quiz a été pris 101 fois
  • Le résultat moyen est 52 sur 100
Statistiques - réponses
Hint Réponse % Correct
Stockholm Suède
85%
Helsinki Finlande
81%
Copenhague Danemark
80%
Malmö Suède
78%
Oslo Norvège
76%
Oulu Finlande
74%
Göteborg Suède
74%
Mikkeli Finlande
73%
Bergen Norvège
73%
Turku Finlande
72%
Lahti Finlande
70%
Kuopio Finlande
70%
Rovaniemi Finlande
70%
Tromsø Norvège
70%
Aarhus Danemark
69%
Lappeenranta Finlande
69%
Trondheim Norvège
69%
Lillestrøm Norvège
69%
Espoo Finlande
68%
Porvoo Finlande
68%
Järvenpää Finlande
68%
Stavanger Norvège
66%
Tampere Finlande
65%
Vantaa Finlande
65%
Jyväskylä Finlande
65%
Kouvola Finlande
65%
Kokkola Finlande
65%
Hyvinkää Finlande
65%
Linköping Suède
65%
Pori Finlande
64%
Jönköping Suède
64%
Joensuu Finlande
62%
Odense Danemark
61%
Seinäjoki Finlande
61%
Bodø Norvège
61%
Östersund Suède
61%
Sandefjord Norvège
59%
Lillehammer Norvège
59%
Västerås Suède
59%
Örebro Suède
59%
Kotka Finlande
58%
Aalborg Danemark
57%
Roskilde Danemark
57%
Herning Danemark
57%
Norrköping Suède
57%
Holbæk Danemark
55%
Hämeenlinna Finlande
55%
Horsens Danemark
54%
Vaasa Finlande
54%
Tønsberg Norvège
54%
Lohja Finlande
53%
Umeå Suède
51%
Randers Danemark
50%
Kolding Danemark
50%
Gladsaxe Danemark
50%
Kristiansand Norvège
50%
Gävle Suède
49%
Södertälje Suède
49%
Uppsala Suède
46%
Borås Suède
46%
Salo Finlande
45%
Helsingborg Suède
45%
Luleå Suède
45%
Ålesund Norvège
43%
Esbjerg Danemark
42%
Næstved Danemark
42%
Slagelse Danemark
42%
Gentofte Danemark
42%
Drammen Norvège
42%
Lund Suède
42%
Halmstad Suède
42%
Viborg Danemark
41%
Larvik Norvège
41%
Stavern Norvège
41%
Brevik Norvège
41%
Karlstad Suède
41%
Sundsvall Suède
41%
Vejle Danemark
39%
Sarpsborg Norvège
39%
Borlänge Suède
39%
Sønderborg Danemark
38%
Hjørring Danemark
38%
Haugesund Norvège
38%
Växjö Suède
38%
Silkeborg Danemark
36%
Skien Norvège
35%
Fredrikstad Norvège
34%
Køge Danemark
32%
Frederiksberg Danemark
30%
Sandvika Norvège
30%
Trollhättan Suède
30%
Helsingør Danemark
28%
Arendal Norvège
28%
Sandnes Norvège
27%
Täby Suède
27%
Skanderborg Danemark
23%
Moss Norvège
23%
Eskilstuna Suède
23%
Guldborgsund Danemark
22%
Porsgrunn Norvège
18%
Aucun quiz correspondant
Distribution des résultats
% des personnes avec chaque résultat
Percentile par nombre de réponses
Votre historique - résultats
Vous n’avez pas pris ce quiz